000 00612nam a2200193Ia 4500
005 20250508151531.0
008 008 250505s9999 xx 000 0 eng d
037 _aTextual
040 _aFEDL
_beng
_cFEDL
041 _aeng
_2eng
084 _a330.954, IND
_qFEDL
245 0 _aFinal report of the national income committee february 1954
245 0 _cIndia, Governemnt of..... Economic Affairs (Ministry of Finance)
260 _aDelhi, India
_bManager of Publications
_c1954
300 _aiii,173p.
650 _aEconomics
942 _cTEXL
_h330.954, IND
999 _c1330419
_d1330419